LEADER 01138nam a22002651i 4500 001 991000288399707536 005 20040805155949.0 008 040920s1999 it |||||||||||||||||ita 035 $ab13200665-39ule_inst 035 $aARCHE-114690$9ExL 040 $aSet. Economia$bita$cA.t.i. Arché s.c.r.l. Pandora Sicilia s.r.l. 082 04$a334 100 1 $aSangalli, Flavio$0108392 245 13$aLa cooperativa eccellente :$bcome gestire con successo le imprese sociali attraverso il management per priorità e per processi, la pianificazione imprenditoriale e le reti cooperative /$cFlavio Sangalli ; prefazione di Stefano Zamagni 260 $aMilano :$bIl sole-24 ore,$c1999 300 $aXVIII, 189 p. ;$c24 cm 440 0$aProfessione impresa 650 4$aCooperative 700 1 $aZamagni, Stefano 907 $a.b13200665$b02-04-14$c23-09-04 912 $a991000288399707536 945 $aLE025 LIB B 1818 [smarrito]$g1$i2025000184510$lle025$nC. 1$o-$pE0.00$q-$rl$sm $t0$u0$v0$w0$x0$y.i13854884$z23-09-04 996 $aCooperativa eccellente$91103333 997 $aUNISALENTO 998 $ale025$b23-09-04$cm$da $e-$fita$git $h3$i1 LEADER 01581nac 2200409 u 450 001 9910977784503321 005 20240627032741.0 011 $a1873-5363 035 $a(CKB)7428986600041 035 $a(EXLCZ)997428986600041 100 $a20170122d20079999 uy 0 101 0 $amul 200 00$aJacoby Online 210 1$aLeiden, The Netherlands :$cBrill,$d2007- 215 $aCollection 215 $aDatabase 215 $a1 online resource 330 $aJacoby Online is a digital edition of fragments and testimonia of Greek historians, and other authors from antiquity. Jacoby Online is anchored in the work of Felix Jacoby, who started the work of collecting fragments and writing commentaries. To his Die Fragmente der Griechischen Historiker I-III (1923-1959) are added two new editions, Brill's New Jacoby (2006-2021) and Brill's New Jacoby, Second Edition (2016-). 606 $aHistorians$zGreece$vDatabases 606 $aHistory, Ancient$vDatabases 606 $aLost literature$zGreece$vDatabases 606 $aTransmission of texts$vDatabases 607 $aGreece$xHistory$vDatabases 615 0$aHistorians 615 0$aHistory, Ancient 615 0$aLost literature 615 0$aTransmission of texts 701 2$aJacoby$b Felix$f1876-1959.$0162803 702 $aWorthington$b Ian 702 $aGehrke$b Hans-Joachim 702 $aMaier$b Felix K. 702 $aBucciantini$b Veronica 702 $aSchorn$b Stefan 904 00$a(CKB)6113915510000041 912 $a9910977784503321 996 $aJacoby Online$94324699 997 $aUNINA